<?xml version="1.0" encoding="UTF-8"?>
<record
    xmlns:xsi="http://www.w3.org/2001/XMLSchema-instance"
    xsi:schemaLocation="http://www.loc.gov/MARC21/slim http://www.loc.gov/standards/marcxml/schema/MARC21slim.xsd"
    xmlns="http://www.loc.gov/MARC21/slim">

  <leader>00749nmm a2200253 a 4500</leader>
  <controlfield tag="003">AR-BaBNM</controlfield>
  <controlfield tag="005">20251128203615.0</controlfield>
  <controlfield tag="008">256119s[ca.    ||||||||||||||000 | spa||</controlfield>
  <datafield tag="040" ind1=" " ind2=" ">
    <subfield code="c">AR-BaBNM</subfield>
  </datafield>
  <datafield tag="100" ind1="1" ind2=" ">
    <subfield code="a">Cervantes Saavedra, Miguel de</subfield>
    <subfield code="d">1547-1616</subfield>
  </datafield>
  <datafield tag="245" ind1="1" ind2="0">
    <subfield code="a">Don Quijote de la Mancha</subfield>
  </datafield>
  <datafield tag="260" ind1=" " ind2=" ">
    <subfield code="a">M&#xE9;xico, D.F.</subfield>
    <subfield code="b">Hermes</subfield>
    <subfield code="c">[ca. 1940]</subfield>
  </datafield>
  <datafield tag="300" ind1="0" ind2=" ">
    <subfield code="a">438 p.</subfield>
  </datafield>
  <datafield tag="500" ind1="0" ind2=" ">
    <subfield code="a">Edici&#xF3;n en homenaje a Cervantes en el cuarto centenario de su nacimiento 1547-1947</subfield>
  </datafield>
  <datafield tag="650" ind1=" " ind2="4">
    <subfield code="a">LITERATURA ESPANOLA</subfield>
  </datafield>
  <datafield tag="650" ind1=" " ind2="4">
    <subfield code="a">HUMOR LITERARIO</subfield>
  </datafield>
  <datafield tag="653" ind1=" " ind2="0">
    <subfield code="a">NOVELA DE PERSONAJE</subfield>
  </datafield>
  <datafield tag="653" ind1=" " ind2="0">
    <subfield code="a">SIGLO DE ORO ESPANOL</subfield>
  </datafield>
  <datafield tag="653" ind1=" " ind2="0">
    <subfield code="a">LIBROS DE CABALLERIA</subfield>
  </datafield>
  <datafield tag="655" ind1=" " ind2=" ">
    <subfield code="a">LITERATURA</subfield>
  </datafield>
  <datafield tag="700" ind1="1" ind2=" ">
    <subfield code="a">G&#xF3;mez de la Serna, Ram&#xF3;n</subfield>
    <subfield code="e">editor</subfield>
  </datafield>
  <datafield tag="942" ind1=" " ind2=" ">
    <subfield code="c">BK</subfield>
  </datafield>
  <datafield tag="998" ind1=" " ind2=" ">
    <subfield code="c">isola</subfield>
  </datafield>
  <datafield tag="999" ind1=" " ind2=" ">
    <subfield code="c">4105</subfield>
    <subfield code="d">4105</subfield>
  </datafield>
  <datafield tag="952" ind1=" " ind2=" ">
    <subfield code="0">0</subfield>
    <subfield code="1">0</subfield>
    <subfield code="2">ddc</subfield>
    <subfield code="4">0</subfield>
    <subfield code="5">1</subfield>
    <subfield code="7">1</subfield>
    <subfield code="a">LPL</subfield>
    <subfield code="b">LPL</subfield>
    <subfield code="d">2025-11-28</subfield>
    <subfield code="l">0</subfield>
    <subfield code="o">860-3 CERD</subfield>
    <subfield code="p">059424</subfield>
    <subfield code="r">2025-11-28 20:36:15</subfield>
    <subfield code="w">2025-11-28</subfield>
    <subfield code="y">BK</subfield>
  </datafield>
</record>
